[Event "Madrid-chT 1819"]
[Site "Madrid"]
[Date "2018.12.01"]
[Round "3.4"]
[White "Carretero Calzon, Abel"]
[Black "Ruano Marco, Javier"]
[Result "1-0"]
[WhiteElo "2145"]
[BlackElo "2179"]
[PlyCount "77"]
[EventDate "2018.11.17"]
[EventType "team-tourn"]
[EventRounds "14"]
[EventCountry "ESP"]
[SourceTitle "CBM 189 Extra"]
[Source "ChessBase"]
[SourceDate "2019.06.03"]
[SourceVersion "1"]
[SourceVersionDate "2019.06.03"]
[SourceQuality "1"]
[WhiteTeam "Liberty Chess"]
[BlackTeam "Villalba 64"]
[WhiteTeamCountry "ESP"]
[BlackTeamCountry "ESP"]

1. d4 Nf6 2. c4 g6 3. Nc3 Bg7 4. e4 d6 5. f3 0-0 6. Be3 e5 7. d5 Nh5 8. g4 Nf4 9. Nge2 f5 10. gxf5 gxf5 11. Qd2 Nxe2 12. Bxe2 f4 13. Bf2 Bf6 14. h4 h5 15. 0-0-0 Nd7 16. c5 dxc5 17. d6 c6 18. Bc4+ Kh7 19. Be6 b6 20. Be1 Bg7 21. Rg1 Rf6 22. Bf5+ Kh8 23. Rg5 Rh6 24. Qg2 Qf8 25. Ne2 Bf6 26. Rg6 b5 27. Bc3 b4 28. Rg1 Ba6 29. Be6 bxc3 30. Nxc3 Nb6 31. Rg8+ Qxg8 32. Bxg8 Nc4 33. Bxc4 Bxc4 34. Qf2 Rd8 35. Qxc5 Bf7 36. Qxa7 Bg8 37. Qc5 Kh7 38. Qxc6 Bxh4 39. Qc7+ 1-0

[Event "Madrid-chT 1213 Honor"]
[Site "Madrid"]
[Date "2013.01.13"]
[Round "5.36"]
[White "Carretero Calzon, Abel"]
[Black "Ruano Marco, Javier"]
[Result "1-0"]
[WhiteElo "2145"]
[BlackElo "2174"]
[PlyCount "61"]
[EventDate "2012.11.18"]
[EventType "team"]
[EventRounds "14"]
[EventCountry "ESP"]
[SourceTitle "EXT 2014"]
[Source "ChessBase"]
[SourceDate "2013.11.20"]
[SourceVersion "1"]
[SourceVersionDate "2013.11.20"]
[SourceQuality "1"]
[WhiteTeam "Amigos del Retiro"]
[BlackTeam "Villalba 64"]
[WhiteTeamCountry "ESP"]
[BlackTeamCountry "ESP"]

1. d4 Nf6 2. c4 g6 3. Nc3 Bg7 4. e4 d6 5. f3 0-0 6. Be3 Nc6 7. Qd2 a6 8. 0-0-0 e5 9. d5 Nd4 10. Nge2 c5 11. dxc6 bxc6 12. Nxd4 exd4 13. Bxd4 Be6 14. g4 c5 15. Be3 Qa5 16. Bh6 Bxh6 17. Qxh6 Nd7 18. h4 Ne5 19. h5 Ra7 20. Rxd6 Nxc4 21. hxg6 fxg6 22. Rxe6 Nxb2 23. Kxb2 Rb7+ 24. Kc2 Qb4 25. Rxg6+ hxg6 26. Qxg6+ Rg7 27. Qe6+ Rff7 28. Bc4 Qb8 29. Nd5 Kf8 30. Rh8+ Rg8 31. Nf6 1-0

[Event "Calatrava op rapid 2nd"]
[Site "Calatrava"]
[Date "2007.04.06"]
[Round "1"]
[White "Carretero Calzon, Abel"]
[Black "Mamedyarov, Shakhriyar"]
[Result "0-1"]
[WhiteElo "2162"]
[BlackElo "2754"]
[PlyCount "44"]
[EventDate "2007.04.06"]
[EventType "swiss (rapid)"]
[EventRounds "9"]
[EventCountry "ESP"]
[SourceTitle "CBM 117 Extra"]
[Source "ChessBase"]
[SourceDate "2007.05.09"]
[SourceVersion "1"]
[SourceVersionDate "2007.05.09"]
[SourceQuality "1"]

1. e4 c5 2. c3 d6 3. d4 Nf6 4. Bd3 Nc6 5. Ne2 g6 6. Be3 Ng4 7. Bc1 Bg7 8. f3 Nf6 9. Be3 b6 10. Qd2 0-0 11. a3 e5 12. d5 Na5 13. Qd1 c4 14. Bc2 Nd7 15. Nd2 Nc5 16. Nc1 f5 17. 0-0 f4 18. Bxc5 bxc5 19. b4 cxb3 20. Ndxb3 Nc4 21. Qe2 Ne3 22. Rf2 c4 0-1

[Event "ESP-chT2"]
[Site "Vila Real"]
[Date "2001.08.15"]
[Round "3"]
[White "Carretero Calzon, Abel"]
[Black "Lopez Martinez, Josep Manuel"]
[Result "0-1"]
[WhiteElo "2291"]
[BlackElo "2448"]
[PlyCount "55"]
[EventDate "2001.08.13"]
[EventType "team"]
[EventRounds "7"]
[EventCountry "ESP"]
[SourceTitle "EXT 2002"]
[Source "ChessBase"]
[SourceDate "2001.11.25"]
[SourceVersion "1"]
[SourceVersionDate "2001.11.25"]
[SourceQuality "1"]

1. e4 c6 2. d4 d5 3. e5 Bf5 4. Bd3 Bxd3 5. Qxd3 e6 6. c3 c5 7. Ne2 Qb6 8. 0-0 Nc6 9. a3 cxd4 10. cxd4 Nge7 11. b4 Nf5 12. Bb2 Be7 13. Nd2 0-0 14. Nb3 Rfc8 15. f4 a5 16. b5 a4 17. g4 Nh4 18. Nd2 Na5 19. Nc3 Nc4 20. Nxc4 Rxc4 21. Rad1 Rxd4 22. Qxd4 Bc5 23. Qxc5 Qxc5+ 24. Rf2 Qe3 25. Rdf1 Rc8 26. Nd1 Qh3 27. g5 g6 28. Kh1 0-1